| 000 | 00446nam a2200193Ia 4500 | ||
|---|---|---|---|
| 005 | 20250603145746.0 | ||
| 008 | 250603s9999 xx 000 0 und d | ||
| 020 | _a9780273751229 | ||
| 050 | _aQA 76.73 .J38 .G325/ | ||
| 100 | _aGaddis, Tony | ||
| 245 | 0 | _aStarting out with Java : early objects | |
| 250 | _a4th ed. | ||
| 260 | _aBoston | ||
| 260 | _bPearson | ||
| 260 | _c 2011 | ||
| 300 | _a1116 p | ||
| 650 | _aBoston | ||
| 942 | _cBK | ||
| 999 |
_c42768 _d42768 |
||